[Event "Arab Games 2011"]
[Site "0:18.26-0:22.18"]
[Date "2011.12.16"]
[Round "4"]
[White "Arif Fadoua"]
[Black "Al-Khelaifi Aisha"]
[Result "0-1"]
[WhiteElo "1844"]
[BlackElo "1674"]
[PlyCount "80"]
[EventDate "2011.??.??"]

1. Nf3 d5 2. b3 Nf6 3. Bb2 e6 4. c4 c6 5. e3 Nbd7 6. d4 Bd6 7. Nbd2 Qe7 8. c5
Bc7 9. Bd3 e5 10. dxe5 Nxe5 11. Nxe5 Bxe5 12. Bxe5 Qxe5 13. Rc1 O-O 14. Nf3 Qc7
15. h3 Ne4 16. Bxe4 dxe4 17. Nd2 Qe7 18. Qc2 Bf5 19. b4 b6 20. Qa4 b5 21. Qb3
a5 22. a3 Rfd8 23. Qb2 a4 24. O-O Rd5 25. Nb1 Qg5 26. Kh2 Rad8 27. Qe2 h6 28.
Rcd1 Be6 29. Rxd5 Rxd5 30. Rd1 Qe5+ 31. Kg1 Qa1 32. Qc2 Rxd1+ 33. Qxd1 Ba2 34.
Kh2 Qxb1 35. Qxb1 Bxb1 36. Kg3 Kf8 37. Kf4 Ke7 38. Ke5 g6 39. g4 f6+ 40. Kd4
Ke6 0-1

[Event "Arab Games 2011"]
[Site "0:04.10-0:06.47"]
[Date "2011.12.16"]
[Round "4"]
[White "Mezioud Amina"]
[Black "Al-Rufaye Iman Hasan Moha"]
[Result "0-1"]
[WhiteElo "2065"]
[BlackElo "2155"]
[PlyCount "80"]
[EventDate "2011.??.??"]

1. e4 e5 2. Nf3 Nc6 3. Bc4 Bc5 4. c3 Nf6 5. d4 exd4 6. cxd4 Bb4+ 7. Nc3 Nxe4 8.
O-O Bxc3 9. d5 Bf6 10. Re1 Ne7 11. Rxe4 d6 12. Bg5 Bxg5 13. Nxg5 h6 14. Qe2
hxg5 15. Re1 Be6 16. dxe6 f6 17. Re3 Kf8 18. Rh3 Rxh3 19. gxh3 g6 20. Qf3 Kg7
21. Qxb7 a5 22. Qf3 Rb8 23. Qc3 d5 24. Bb3 c6 25. Qc5 Qc7 26. Ba4 Rh8 27. Re3
Rh4 28. b3 g4 29. Kg2 Rxh3 30. Rxh3 gxh3+ 31. Kxh3 Kf8 32. Qe3 Qe5 33. Qxe5
fxe5 34. Kg4 Kg7 35. Kg5 d4 36. a3 d3 37. b4 axb4 38. axb4 d2 39. Kg4 Nd5 40.
Bb3 Kf6 0-1

[Event "Arab Games 2011"]
[Site "0:03.33-0:09.03"]
[Date "2011.12.16"]
[Round "4"]
[White "Ibraheem Delbak Ismael Ib"]
[Black "Latreche Sabrina"]
[Result "1/2-1/2"]
[WhiteElo "1919"]
[BlackElo "1995"]
[PlyCount "93"]
[EventDate "2011.??.??"]

1. e4 e5 2. Nf3 Nc6 3. d4 exd4 4. Nxd4 Bc5 5. Be3 Qf6 6. c3 Nge7 7. Bc4 Ne5 8.
Be2 Qg6 9. O-O d6 10. f3 O-O 11. Kh1 Bb6 12. Nd2 f5 13. Nxf5 Bxf5 14. exf5 Nxf5
15. Bxb6 axb6 16. Nc4 Nxc4 17. Bxc4+ Kh8 18. Bd3 Qh5 19. Bxf5 Qxf5 20. Re1 Rfe8
21. Kg1 h6 22. a3 Qc5+ 23. Qd4 Qxd4+ 24. cxd4 Rxe1+ 25. Rxe1 Ra4 26. Rd1 Rc4
27. Rd2 Kg8 28. Kf2 Kf7 29. Ke3 Ke6 30. g3 Kd5 31. f4 c6 32. g4 Rc1 33. f5 Re1+
34. Kf3 Re4 35. h4 Re1 36. g5 h5 37. Re2 Rf1+ 38. Kg3 Rxf5 39. Re7 g6 40. Rg7
Ke4 41. Rxg6 Rf3+ 42. Kg2 Rf4 43. Kg3 Rf3+ 44. Kg2 Rf4 45. Kg3 Rf3+ 46. Kg2 Rf4
47. Kg3 1/2-1/2

[Event "Arab Games 2011"]
[Site "10:00.0-10:10.0"]
[Date "2011.12.16"]
[Round "4"]
[White "Latreche Khadidja"]
[Black "Jalaluldeen Kareen Kamal"]
[Result "1-0"]
[WhiteElo "1936"]
[BlackElo "1781"]
[PlyCount "57"]
[EventDate "2011.??.??"]

1. e4 e6 2. Qe2 Ne7 3. Nf3 d5 4. d3 c5 5. g3 Nbc6 6. c3 d4 7. Bg2 Ng6 8. O-O
Be7 9. Rd1 O-O 10. h4 h5 11. Nh2 Nge5 12. f4 Ng4 13. Nxg4 hxg4 14. Qxg4 f5 15.
Qe2 Qc7 16. exf5 Rxf5 17. Be4 Rf6 18. Qh5 Rh6 19. Qe2 Rf6 20. Nd2 e5 21. Nc4
Kf8 22. fxe5 Nxe5 23. Nxe5 Qxe5 24. Bf4 Qe6 25. Qh5 Qg4 26. Qh8+ Kf7 27. Rf1
Bf8 28. Be5 Rxf1+ 29. Rxf1+ 1-0

[Event "Arab Games 2011"]
[Site "0:04.51-0:06.28"]
[Date "2011.12.16"]
[Round "4"]
[White "Al-Rajab Maha Layth Ismae"]
[Black "Hamza Amira"]
[Result "0-1"]
[WhiteElo "1858"]
[BlackElo "1877"]
[PlyCount "102"]
[EventDate "2011.??.??"]

1. Nf3 Nf6 2. c4 g6 3. Nc3 Bg7 4. g3 O-O 5. Bg2 d6 6. O-O e5 7. d3 Nc6 8. Nd2
Ne7 9. Nde4 Ne8 10. Rb1 f5 11. Nd2 g5 12. b4 Nf6 13. Nb3 h6 14. Bb2 Rb8 15. Nd5
Nfxd5 16. cxd5 Ng6 17. Qc2 Rf7 18. e4 f4 19. d4 f3 20. Bh1 g4 21. dxe5 Bxe5 22.
Bxe5 Nxe5 23. Nd4 Bd7 24. Qd2 Qf6 25. Rfc1 c6 26. dxc6 Bxc6 27. Nxc6 Nxc6 28.
b5 Nd4 29. Rc4 Ne2+ 30. Kf1 h5 31. Qe3 a6 32. bxa6 Ra8 33. axb7 Rxb7 34. Rxb7
Qa1+ 35. Rc1 Qxc1+ 36. Qxc1 Nxc1 37. Rb1 Nxa2 38. Ra1 Ra4 39. h3 Rd4 40. hxg4
hxg4 41. Re1 Nc3 42. e5 d5 43. Re3 Rd1+ 44. Re1 Rxe1+ 45. Kxe1 Ne4 46. Bxf3
gxf3 47. g4 d4 48. g5 Kf7 49. Kd1 Nxg5 50. Kc2 Ke6 51. Kd3 Kxe5 0-1

[Event "Arab Games 2011"]
[Site "0:06.09-0:03.17"]
[Date "2011.12.16"]
[Round "4"]
[White "Fuad Natalie"]
[Black "Al-Zarouni Kholoud Essa"]
[Result "1-0"]
[WhiteElo "1952"]
[BlackElo "1861"]
[PlyCount "93"]
[EventDate "2011.??.??"]

1. e4 e5 2. Nf3 Nc6 3. Bb5 a6 4. Ba4 Nf6 5. Qe2 b5 6. Bb3 Bc5 7. d3 h6 8. Be3
Bxe3 9. fxe3 d6 10. a4 Bd7 11. a5 O-O 12. O-O Be6 13. Nbd2 Bxb3 14. Nxb3 Na7
15. Qf2 Ng4 16. Qe2 c5 17. h3 Nf6 18. Qf2 c4 19. Nbd2 cxd3 20. cxd3 Nc6 21. Nh4
Nxa5 22. Nf5 Kh7 23. Qh4 Nb7 24. Nxh6 Ng8 25. Qxd8 Nxd8 26. Nf5 Nb7 27. b4 g6
28. Nh4 a5 29. bxa5 Rxa5 30. Rxa5 Nxa5 31. Rb1 Rb8 32. Nhf3 Ne7 33. g4 Kg7 34.
g5 Nac6 35. d4 f6 36. d5 Na7 37. gxf6+ Kxf6 38. Rf1 Nac8 39. Nd4+ Kg7 40. Ne6+
Kh6 41. Rf8 g5 42. Rf6+ Kh7 43. Nf3 b4 44. Nfxg5+ Kh8 45. Nf7+ Kg8 46. Nfg5 b3
47. Rf8# 1-0

[Event "Arab Games 2011"]
[Site "0:05.37-0:06.09"]
[Date "2011.12.16"]
[Round "4"]
[White "Al Harmoodi Ari Mohamed"]
[Black "Dahdal Lougain"]
[Result "1/2-1/2"]
[WhiteElo "1858"]
[BlackElo "1828"]
[PlyCount "70"]
[EventDate "2011.??.??"]

1. d4 Nf6 2. c4 e6 3. Nc3 Bb4 4. Qc2 d5 5. Bg5 dxc4 6. e3 b5 7. a3 Bxc3+ 8.
bxc3 Bb7 9. f3 Nbd7 10. Rb1 Qc8 11. Rxb5 a6 12. Rb2 h6 13. Bxf6 Nxf6 14. Bxc4
O-O 15. e4 c5 16. Ne2 Qc7 17. O-O Rfc8 18. Rc1 Rab8 19. Qd3 Bxe4 20. Qd2 Bb7
21. Bd3 c4 22. Bc2 Bc6 23. Rb4 Rxb4 24. axb4 a5 25. Rb1 Rb8 26. bxa5 Rxb1+ 27.
Bxb1 Qxa5 28. Qb2 Qb5 29. Qxb5 Bxb5 30. Kf2 Kf8 31. Ke3 Ke7 32. Kd2 Kd6 33. Ng3
Kc6 34. Ne4 Nd5 35. g3 Kb6 1/2-1/2

[Event "Arab Games 2011"]
[Site "0:13.03-0:00.43"]
[Date "2011.12.16"]
[Round "4"]
[White "Alattar Ghayda M"]
[Black "Salem Amna"]
[Result "1-0"]
[WhiteElo "1850"]
[BlackElo "1697"]
[PlyCount "51"]
[EventDate "2011.??.??"]

1. d4 Nf6 2. Nc3 g6 3. e4 d6 4. Bg5 Bg7 5. Qd2 h6 6. Bh4 Nbd7 7. f4 Nh7 8. Nf3
a6 9. e5 b5 10. Bd3 Nb6 11. O-O Qd7 12. e6 fxe6 13. Bxg6+ Kd8 14. d5 Nf6 15.
dxe6 Qxe6 16. Rfe1 Qg4 17. Qe3 e6 18. Be4 Rb8 19. Bc6 Nc4 20. Qa7 Rb6 21. Be4
Kd7 22. Bf2 Nxe4 23. Bxb6 Nxb6 24. Nxe4 Bxb2 25. Rad1 Ba3 26. Ne5+ 1-0

[Event "Arab Games 2011"]
[Site "0:01.20-0:21.49"]
[Date "2011.12.16"]
[Round "4"]
[White "Jamila Juma"]
[Black "Boshra Alshaeby"]
[Result "0-1"]
[WhiteElo "1727"]
[BlackElo "1884"]
[PlyCount "80"]
[EventDate "2011.??.??"]

1. d4 Nf6 2. c4 c5 3. d5 g6 4. Nc3 Bg7 5. e4 d6 6. f4 O-O 7. Nf3 Bg4 8. Bd3 Na6
9. a3 Nc7 10. O-O a6 11. a4 Rb8 12. a5 b5 13. axb6 Rxb6 14. h3 Bxf3 15. Qxf3
Nd7 16. Bc2 e6 17. Rb1 Rb4 18. Qd3 exd5 19. cxd5 Rb8 20. Qg3 Nb5 21. Nxb5 axb5
22. f5 Be5 23. Bf4 Qf6 24. h4 Kh8 25. fxg6 Qxg6 26. Bxe5+ Nxe5 27. Qf4 Rg8 28.
Qf6+ Qxf6 29. Rxf6 Rg6 30. Rbf1 Kg7 31. R6f4 Rg4 32. Rf6 Rd8 33. Bd1 Rxh4 34.
R1f4 Rxf4 35. Rxf4 Ra8 36. Bh5 Ra1+ 37. Kh2 c4 38. Be2 Ra2 39. Rf1 Rxb2 40. Rc1
Rxe2 0-1

[Event "Arab Games 2011"]
[Site "0:03.01-0:44.38"]
[Date "2011.12.17"]
[Round "5"]
[White "Gator Mosab"]
[Black "Khader Sami"]
[Result "0-1"]
[WhiteElo "2115"]
[BlackElo "2404"]
[PlyCount "81"]
[EventDate "2011.??.??"]

1. e4 e6 2. d4 d5 3. Nc3 Bb4 4. Nge2 Nc6 5. a3 Ba5 6. Be3 Nge7 7. e5 Nf5 8. Qd2
f6 9. f4 O-O 10. Bf2 fxe5 11. fxe5 Bb6 12. Na4 Bxd4 13. Nxd4 Nfxd4 14. O-O-O
Nf5 15. Re1 d4 16. Bd3 Qd5 17. c4 Qxg2 18. Nc5 Nxe5 19. Be4 Nf3 20. Rhg1 Nxd2
21. Bxg2 Nxc4 22. Nxe6 Bxe6 23. Rxe6 Ncd6 24. Bd5 Kh8 25. Rge1 c6 26. Bb3 Rae8
27. Kd2 Rxe6 28. Bxe6 c5 29. Bd5 b6 30. b3 Re8 31. Rxe8+ Nxe8 32. Kd3 Ned6 33.
b4 g5 34. Be6 Kg7 35. bxc5 bxc5 36. Bxf5 Nxf5 37. Kc4 g4 38. Kxc5 h5 39. a4 h4
40. Kc4 Kf6 41. Kd5 0-1

[Event "Arab Games 2011"]
[Site "0:03.12-0:00.15"]
[Date "2011.12.17"]
[Round "5"]
[White "Al-Rufaye Iman Hasan"]
[Black "Moaataz Ayah"]
[Result "1-0"]
[WhiteElo "2155"]
[BlackElo "1903"]
[PlyCount "85"]
[EventDate "2011.??.??"]

1. e4 c6 2. d4 d5 3. exd5 cxd5 4. Bd3 Nc6 5. c3 Nf6 6. Bf4 Bg4 7. Qb3 Qc8 8.
Nd2 e6 9. Ngf3 Be7 10. O-O O-O 11. Qc2 Bh5 12. Ne5 Bg6 13. Nxg6 hxg6 14. Nf3 a6
15. a4 Nd7 16. Rfe1 Nb6 17. h4 Nc4 18. g3 Nd6 19. Kg2 f5 20. Bxd6 Bxd6 21. Re2
Qd7 22. Rae1 Rfe8 23. b4 Rac8 24. Qb3 Bf8 25. Ng5 Nd8 26. b5 Qd6 27. h5 Qa3 28.
Qxa3 Bxa3 29. hxg6 Rf8 30. bxa6 bxa6 31. Bxa6 Rxc3 32. Nxe6 Nxe6 33. Rxe6 f4
34. Re8 fxg3 35. fxg3 Bd6 36. R1e3 Rc2+ 37. Kh3 Rd2 38. Bd3 Ra2 39. Bb5 Rd2 40.
Rxf8+ Bxf8 41. Re8 Rf2 42. Bd7 Rf6 43. Be6+ 1-0

[Event "Arab Games 2011"]
[Site "0:21.43-0:00.53"]
[Date "2011.12.17"]
[Round "5"]
[White "Elansary Eman"]
[Black "Ibraheem Delbak Ismael"]
[Result "1-0"]
[WhiteElo "1822"]
[BlackElo "1919"]
[PlyCount "79"]
[EventDate "2011.??.??"]

1. d4 Nf6 2. Nf3 g6 3. c4 Bg7 4. Nc3 d6 5. e4 O-O 6. Bd3 e5 7. d5 Nbd7 8. O-O
Nc5 9. Bc2 a5 10. h3 Nh5 11. Be3 h6 12. Ne1 Nf4 13. Ne2 g5 14. Ng3 f5 15. exf5
e4 16. Bd4 Bxd4 17. Qxd4 Bxf5 18. Qe3 Qf6 19. Nf3 Qxb2 20. Nd4 Ncd3 21. Bxd3
exd3 22. Ngxf5 Rae8 23. Qf3 Ne2+ 24. Nxe2 dxe2 25. Rfe1 Qc2 26. Nxh6+ Kg7 27.
Qh5 Re5 28. Ng4 Rh8 29. Ne3 Rxh5 30. Nxc2 Re4 31. Ne3 b5 32. cxb5 Rb4 33. Rxe2
Rxb5 34. Rc2 Rb7 35. Rac1 Kf6 36. Rxc7 Rxc7 37. Rxc7 Rh4 38. Ng4+ Kf5 39. f3
Rh8 40. Rf7+ 1-0

[Event "Arab Games 2011"]
[Site "0:12.46-1:06.30"]
[Date "2011.12.17"]
[Round "5"]
[White "Jalaluldeen Kareen Kamal"]
[Black "Mona Khaled"]
[Result "0-1"]
[WhiteElo "1781"]
[BlackElo "2109"]
[PlyCount "76"]
[EventDate "2011.??.??"]

1. d4 Nf6 2. c4 g6 3. Nc3 Bg7 4. e4 d6 5. f3 c6 6. Bg5 a6 7. a4 a5 8. Qd2 h6 9.
Be3 Na6 10. Nge2 Nb4 11. Na2 Na6 12. Nac3 Nd7 13. Nc1 e5 14. d5 Ndc5 15. Ra3
O-O 16. Nd3 Nxd3+ 17. Bxd3 Nb4 18. Na2 c5 19. Nc3 Bd7 20. O-O f5 21. exf5 gxf5
22. Bb1 Qh4 23. Qf2 Qxc4 24. Qd2 Qh4 25. Bf2 Qg5 26. Qxg5 hxg5 27. Re1 Kf7 28.
h3 Rh8 29. Kf1 Bf6 30. Rd1 Rag8 31. Ne2 g4 32. fxg4 fxg4 33. hxg4 Bxg4 34. Ke1
Rh1+ 35. Bg1 Bxe2 36. Kxe2 Rxg2+ 37. Bf2 Rxd1 38. Kxd1 Rxf2 0-1

[Event "Arab Games 2011"]
[Site "0:33.33-0:03.24"]
[Date "2011.12.17"]
[Round "5"]
[White "Wafa Shrook"]
[Black "Al-Rajab Maha Layth"]
[Result "1/2-1/2"]
[WhiteElo "1873"]
[BlackElo "1858"]
[PlyCount "54"]
[EventDate "2011.??.??"]

1. e4 e6 2. d4 d5 3. Nc3 dxe4 4. Nxe4 Nd7 5. Nf3 Ngf6 6. Ng3 Be7 7. Bd3 O-O 8.
O-O c5 9. c3 b6 10. Qe2 Qc7 11. Ne4 Bb7 12. Re1 Nxe4 13. Bxe4 Bxe4 14. Qxe4 Nf6
15. Bf4 Bd6 16. Bxd6 Qxd6 17. dxc5 Qxc5 18. Qh4 Rfd8 19. Re5 Rd5 20. Rae1 Rad8
21. h3 Rxe5 22. Rxe5 Rd1+ 23. Kh2 Qd6 24. Qg3 Ra1 25. a3 Nd5 26. Nd4 Ne7 27.
Nb5 Qb8 1/2-1/2

[Event "Arab Games 2011"]
[Site "0:17.09-0:02.54"]
[Date "2011.12.17"]
[Round "5"]
[White "Latreche Sabrina"]
[Black "Al-Khelaifi Salama"]
[Result "1-0"]
[WhiteElo "1995"]
[BlackElo "1787"]
[PlyCount "143"]
[EventDate "2011.??.??"]

1. f4 d5 2. Nf3 Nf6 3. e3 c6 4. b3 Bg4 5. Be2 e6 6. Bb2 Bd6 7. O-O O-O 8. Ne5
Bxe2 9. Qxe2 Nbd7 10. d3 Qc7 11. Ng4 Nxg4 12. Qxg4 e5 13. f5 f6 14. Rf3 Rfe8
15. Nd2 Kh8 16. e4 Rad8 17. Rh3 Nf8 18. Kh1 Qb6 19. Qf3 Qc5 20. c3 Qa5 21. a4
Qb6 22. Re1 Qa5 23. Qg4 Qc7 24. Nf3 Qf7 25. Nd2 Rd7 26. Qd1 Red8 27. Qc2 Be7
28. Bc1 a6 29. a5 d4 30. Nc4 Bc5 31. cxd4 Bxd4 32. Ba3 Ba7 33. Rd1 Rd4 34. Bb2
R4d7 35. Ba3 Rd4 36. Bb2 R4d7 37. Ba3 g6 38. g4 gxf5 39. gxf5 Qg8 40. Rg3 Rg7
41. Rxg7 Qxg7 42. Qg2 Qxg2+ 43. Kxg2 Kg8 44. Be7 Re8 45. Bxf6 Nd7 46. Bh4 Bc5
47. Kf3 Kf7 48. Bf2 Bf8 49. d4 exd4 50. Bxd4 c5 51. Bc3 Nb8 52. Nd6+ Bxd6 53.
Rxd6 Rg8 54. Rb6 Nd7 55. Rxb7 Rd8 56. e5 Ke8 57. e6 Nf8 58. Ke4 Rd1 59. Rb8+
Ke7 60. f6+ Kxe6 61. Rxf8 Rc1 62. Re8+ Kf7 63. Re7+ Kg8 64. Kd3 Rf1 65. Rg7+
Kh8 66. Ra7 Kg8 67. Rxa6 Rf3+ 68. Kc4 Rh3 69. Be5 Rh5 70. Kd5 Rh3 71. Ke6 Rh6
72. Ra8# 1-0

[Event "Arab Games 2011"]
[Site "0:00.03-0:36.13"]
[Date "2011.12.17"]
[Round "5"]
[White "Al-Khelaifi Aisha"]
[Black "Latreche Khadidja"]
[Result "0-1"]
[WhiteElo "1674"]
[BlackElo "1936"]
[PlyCount "100"]
[EventDate "2011.??.??"]

1. e4 c5 2. Nf3 g6 3. Bc4 Bg7 4. O-O Nc6 5. c3 d6 6. h3 Nf6 7. Re1 O-O 8. d4
cxd4 9. cxd4 a6 10. a4 Qb6 11. Nc3 e6 12. Rb1 Nxe4 13. Rxe4 d5 14. Bxd5 exd5
15. Nxd5 Qd8 16. Ne3 f5 17. Rh4 Bf6 18. Rh6 Nxd4 19. Nxd4 Bxd4 20. Qb3+ Kh8 21.
Qc4 f4 22. Nd5 Bg7 23. Bxf4 Be6 24. Rd1 Rf5 25. Bc7 Rxd5 26. Rxd5 Qxd5 27. Qxd5
Bxd5 28. Rh4 Rc8 29. Bg3 Rc4 30. Rxc4 Bxc4 31. a5 Bxb2 32. Bc7 Kg8 33. Kh2 Kf7
34. Kg3 Ke6 35. Kf4 Bc1+ 36. Kf3 Bd5+ 37. Kg3 Ba3 38. f4 Bc5 39. h4 h5 40. Bd8
Bd6 41. Bb6 Kf5 42. Be3 Bb4 43. Bb6 Bd2 44. Bc7 Be1+ 45. Kh3 Bc4 46. g3 Bf1+
47. Kh2 Bf2 48. Bd8 Kg4 49. Bg5 Bxg3+ 50. Kg1 Bh3 0-1

[Event "Arab Games 2011"]
[Site "0:25.24-0:00.01"]
[Date "2011.12.17"]
[Round "5"]
[White "Hamza Amira"]
[Black "Al-Khulaifi Ghada"]
[Result "1-0"]
[WhiteElo "1877"]
[BlackElo "1647"]
[PlyCount "95"]
[EventDate "2011.??.??"]

1. d4 d5 2. Nf3 e6 3. g3 f5 4. Bg2 Nf6 5. O-O Bd6 6. c4 c6 7. Nc3 O-O 8. Qc2
Qe8 9. Ng5 h6 10. Nh3 Ne4 11. f3 Nxc3 12. Qxc3 Nd7 13. Re1 a5 14. a3 c5 15.
dxc5 d4 16. Qc2 Bxc5 17. e3 Nf6 18. exd4 Bxd4+ 19. Be3 Bxe3+ 20. Rxe3 Qc6 21.
Rae1 Qc5 22. Qe2 Nh5 23. f4 Nf6 24. Nf2 h5 25. Kh1 Ng4 26. Nxg4 hxg4 27. Rd1
Qc7 28. Qd3 Qf7 29. h4 gxh3 30. Bxh3 Qh5 31. Qf1 b6 32. Kg1 Bb7 33. Bg2 Bxg2
34. Kxg2 Rf6 35. Qf3 Qe8 36. Red3 Rc8 37. Rd6 Rh6 38. Qb7 Rb8 39. Qxb8 Qxb8 40.
Rd8+ Qxd8 41. Rxd8+ Kf7 42. Rd7+ Kf8 43. Rd6 e5 44. Rxh6 gxh6 45. fxe5 Ke7 46.
Kf3 Ke6 47. Kf4 h5 48. b4 1-0

[Event "Arab Games 2011"]
[Site "0:00.03-0:13.24"]
[Date "2011.12.19"]
[Round "6"]
[White "Emhemed Inas"]
[Black "Hamza Amira"]
[Result "0-1"]
[WhiteElo "1486"]
[BlackElo "1877"]
[PlyCount "88"]
[EventDate "2011.??.??"]

1. d4 Nf6 2. Nf3 g6 3. g3 Bg7 4. Bg2 O-O 5. O-O d6 6. c4 Nbd7 7. Nc3 e5 8. dxe5
dxe5 9. Bg5 h6 10. Be3 c6 11. b3 Ng4 12. Bd2 Qe7 13. e4 a5 14. Qc1 Kh7 15. h3
Ngf6 16. Nh2 Nc5 17. Qc2 Ne6 18. h4 Nd4 19. Qd1 Nd7 20. Ne2 f5 21. Nxd4 exd4
22. exf5 Rxf5 23. Ng4 Nf6 24. Re1 Qc5 25. Nxf6+ Rxf6 26. h5 gxh5 27. Be4+ Kg8
28. Qc2 Bf5 29. Bxf5 Rxf5 30. Qe4 Raf8 31. Re2 d3 32. Be3 Qb4 33. Rd2 Bxa1 34.
Bxh6 Bg7 35. Qe6+ Kh7 36. Bxg7 Kxg7 37. Qd7+ R8f7 38. Qd4+ Kg8 39. Qxd3 Qf8 40.
Qe3 Qg7 41. Rd8+ Kh7 42. Qe4 Qe5 43. Qb1 Qe2 44. f4 Qg4 0-1

[Event "Arab Games 2011"]
[Site "0:41.04-0:08.11"]
[Date "2011.12.19"]
[Round "6"]
[White "Al-Khelaifi Salama"]
[Black "Elansary Eman"]
[Result "1-0"]
[WhiteElo "1787"]
[BlackElo "1822"]
[PlyCount "61"]
[EventDate "2011.??.??"]

1. d4 c5 2. d5 e6 3. e4 exd5 4. exd5 d6 5. Nc3 Nf6 6. Bg5 Be7 7. Bf4 O-O 8. Qd2
a6 9. Bd3 b5 10. Nf3 Bb7 11. O-O b4 12. Ne4 Nxd5 13. Bg3 g6 14. Rad1 Nb6 15.
Qh6 Bxe4 16. Bxe4 Ra7 17. Be5 f6 18. Ng5 Rf7 19. Nxf7 Qf8 20. Qxf8+ Bxf8 21.
Bxd6 Bxd6 22. Nxd6 N8d7 23. Rfe1 Ne5 24. f4 Nf7 25. Nxf7 Kxf7 26. Rd6 Na4 27.
Bd5+ Kg7 28. Bb3 Nxb2 29. Rb1 c4 30. Rxb2 cxb3 31. cxb3 1-0

[Event "Arab Games 2011"]
[Site "0:58.59-0:08.00"]
[Date "2011.12.19"]
[Round "6"]
[White "Mona Khaled"]
[Black "Al-Khelaifi Aisha"]
[Result "1-0"]
[WhiteElo "2109"]
[BlackElo "1674"]
[PlyCount "65"]
[EventDate "2011.??.??"]

1. d4 d5 2. c4 c6 3. Nf3 Nf6 4. Qc2 dxc4 5. e4 b5 6. b3 Bg4 7. bxc4 bxc4 8.
Nbd2 e6 9. Bxc4 Bb4 10. O-O Bxd2 11. Bxd2 Bxf3 12. gxf3 Qxd4 13. Rfd1 Qe5 14.
Bb4 Nbd7 15. Qd2 h6 16. Rac1 Qg5+ 17. Qxg5 hxg5 18. Bd6 a5 19. Bf1 g4 20. e5
Nd5 21. fxg4 Ne7 22. Bg2 Ra6 23. f4 Nd5 24. Bf1 Rb6 25. Rd4 Nf8 26. Ra4 f6 27.
Rxa5 Kf7 28. Ra7+ Kg6 29. exf6 Nxf6 30. Bd3+ Kh6 31. g5+ Kh5 32. gxf6 gxf6 33.
Ra8 1-0

[Event "Arab Games 2011"]
[Site "0:10.50-0:11.50"]
[Date "2011.12.19"]
[Round "6"]
[White "Al-Khulaifi Ghada"]
[Black "Wafa Shrook"]
[Result "0-1"]
[WhiteElo "1647"]
[BlackElo "1873"]
[PlyCount "76"]
[EventDate "2011.??.??"]

1. e4 c5 2. b4 cxb4 3. a3 d5 4. exd5 Qxd5 5. Nf3 e5 6. Bb2 Nc6 7. c4 Qe6 8. Bd3
Bc5 9. O-O f6 10. Re1 Nge7 11. Qc2 Qf7 12. Be4 Bg4 13. axb4 Nxb4 14. Qa4+ Bd7
15. Qd1 Bc6 16. Bxc6+ Nbxc6 17. Qb3 O-O 18. Nc3 b6 19. Nd5 Nxd5 20. cxd5 Ne7
21. d4 exd4 22. Bxd4 Bxd4 23. Nxd4 Nxd5 24. Rab1 Nc7 25. Qg3 f5 26. Rbc1 f4 27.
Qg5 h6 28. Qg4 Rad8 29. Nc6 Rde8 30. Red1 Ne6 31. Rd5 Nc5 32. Rh5 Qe6 33. Qxe6+
Rxe6 34. Nxa7 Rfe8 35. h3 Nd3 36. Rc2 Re1+ 37. Kh2 Rf1 38. f3 Ree1 0-1

[Event "Arab Games 2011"]
[Site "0:02.05-0:01.31"]
[Date "2011.12.19"]
[Round "6"]
[White "Fuad Natalie"]
[Black "Al-Rufaye Iman Hasan"]
[Result "0-1"]
[WhiteElo "1952"]
[BlackElo "2155"]
[PlyCount "118"]
[EventDate "2011.??.??"]

1. e4 e5 2. Nf3 Nc6 3. Bb5 a6 4. Ba4 Nf6 5. d4 exd4 6. O-O Bc5 7. e5 Nd5 8. Bg5
Be7 9. Bxe7 Ndxe7 10. Bxc6 dxc6 11. Nxd4 c5 12. Ne2 Qxd1 13. Rxd1 Bf5 14. c3
O-O 15. Ng3 Rad8 16. Na3 Be6 17. Ne4 b6 18. f4 h6 19. Kf2 Rd5 20. c4 Rd4 21.
Rxd4 cxd4 22. Rd1 c5 23. h3 h5 24. b3 Bf5 25. Nd6 Bd7 26. Ne4 h4 27. Nb1 Ng6
28. Kf3 Bc6 29. Nbd2 f5 30. exf6 Rxf6 31. g3 hxg3 32. Kxg3 Rxf4 33. Re1 Rf8 34.
Nd6 Rd8 35. Nf5 Re8 36. Rxe8+ Bxe8 37. b4 Ne5 38. bxc5 bxc5 39. Kf4 Nd3+ 40.
Ke4 Bg6 41. Kxd3 Bxf5+ 42. Ke2 Bc2 43. Kf3 Kf7 44. Kf4 Kf6 45. h4 Ke6 46. Nf3
Bb1 47. a3 Kd6 48. Nd2 Bd3 49. Kg5 Ke5 50. Kg4 Kd6 51. Kf4 Ke6 52. Kg5 Ke5 53.
Kg4 a5 54. Kg5 a4 55. h5 Bh7 56. Kg4 d3 57. Kf3 Kd4 58. Kf2 Kc3 59. Ke3 Kb2 0-1

[Event "Arab Games 2011"]
[Site "0:00.05-0:06.04"]
[Date "2011.12.19"]
[Round "6"]
[White "Ibraheem Delbak Ismael"]
[Black "Dahdal Lougain"]
[Result "0-1"]
[WhiteElo "1919"]
[BlackElo "1828"]
[PlyCount "70"]
[EventDate "2011.??.??"]

1. e4 c5 2. Nf3 Nc6 3. d3 g6 4. g3 Bg7 5. Bg2 d6 6. c3 e5 7. Bg5 Qb6 8. Qd2
Nge7 9. Na3 Be6 10. O-O O-O 11. Bh6 Rad8 12. Nc4 Qc7 13. Bxg7 Kxg7 14. Rfe1 b5
15. Ne3 f6 16. Qc2 Qb6 17. Rad1 b4 18. c4 Bf7 19. Bh3 Rfe8 20. Nd5 Nxd5 21.
exd5 Ne7 22. Re3 g5 23. Rde1 h5 24. g4 Rh8 25. Nd2 Ng6 26. gxh5 Nf4 27. Bg4
Bxh5 28. h3 Bxg4 29. hxg4 Rh4 30. Ne4 Rdh8 31. Ng3 Rxg4 32. Qa4 Qb7 33. Kf1 Kg6
34. Qc6 Qh7 35. Rc1 Qh1+ 0-1

[Event "Arab Games 2011"]
[Site "0:12.39-0:01.55"]
[Date "2011.12.19"]
[Round "6"]
[White "Alattar Ghayda M"]
[Black "Jalaluldeen Kareen Kamal"]
[Result "1-0"]
[WhiteElo "1850"]
[BlackElo "1781"]
[PlyCount "69"]
[EventDate "2011.??.??"]

1. d4 d5 2. Nc3 Nf6 3. Bg5 Nbd7 4. Qd3 h6 5. Bxf6 Nxf6 6. e4 dxe4 7. Nxe4 Nxe4
8. Qxe4 c6 9. Bc4 Qa5+ 10. c3 Bf5 11. Qe2 e6 12. Nf3 Bd6 13. h3 O-O 14. O-O c5
15. Rad1 Rad8 16. Rfe1 Rfe8 17. Bb5 Rf8 18. dxc5 Be7 19. b4 Qc7 20. Nd4 Bf6 21.
Qf3 Rd5 22. Bc4 Re5 23. Nb5 Rxe1+ 24. Rxe1 Qb8 25. Nd6 b6 26. Nxf5 exf5 27.
Qxf5 bxc5 28. Bd3 g6 29. Qxf6 cxb4 30. Re7 Qc8 31. cxb4 Qc1+ 32. Kh2 Qg5 33.
Qxg5 hxg5 34. Rxa7 Rd8 35. Bc4 1-0

[Event "Arab Games 2011"]
[Site "0:05.08-0:15.01"]
[Date "2011.12.19"]
[Round "6"]
[White "Al-Rajab Maha Layth"]
[Black "Boshra Alshaeby"]
[Result "1/2-1/2"]
[WhiteElo "1858"]
[BlackElo "1884"]
[PlyCount "84"]
[EventDate "2011.??.??"]

1. Nf3 c5 2. c4 Nf6 3. Nc3 g6 4. g3 Bg7 5. Bg2 O-O 6. d3 d6 7. O-O Bd7 8. Rb1
Nc6 9. a3 Qc8 10. Re1 Nd4 11. b4 Nxf3+ 12. Bxf3 Bc6 13. Nd5 Bxd5 14. cxd5 b6
15. Bf4 Nd7 16. Qd2 Ne5 17. Bxe5 Bxe5 18. Rec1 Qa6 19. bxc5 bxc5 20. Rb3 Rfb8
21. Rcb1 Rb6 22. Qd1 Rab8 23. Rxb6 Rxb6 24. Rxb6 axb6 25. Qb3 b5 26. e3 Qa5 27.
Kf1 Bc3 28. Bd1 Kg7 29. a4 bxa4 30. Qxa4 Qxa4 31. Bxa4 Kf6 32. f4 e6 33. dxe6
fxe6 34. Ke2 e5 35. Bb3 g5 36. Kf3 gxf4 37. exf4 Bd2 38. Ke4 exf4 39. gxf4 Bc1
40. h3 h6 41. Bd5 Bd2 42. f5 Bc3 1/2-1/2

[Event "Arab Games 2011"]
[Site "0:19.37-0:32.19"]
[Date "2011.12.20"]
[Round "7"]
[White "Mohammed Jwan Jamal M A"]
[Black "Al-Zarouni Kholoud Essa"]
[Result "1-0"]
[WhiteElo "1828"]
[BlackElo "1861"]
[PlyCount "35"]
[EventDate "2011.??.??"]

1. d4 d5 2. Nf3 Nf6 3. c4 c6 4. cxd5 cxd5 5. Nc3 Nc6 6. Bf4 Qb6 7. Na4 Qa5+ 8.
Bd2 Qd8 9. Nc5 e5 10. Nb3 Ne4 11. dxe5 Qb6 12. e3 Nxd2 13. Nfxd2 Nxe5 14. Qc2
Bd7 15. Nd4 Rc8 16. Qb3 Bb4 17. a3 Qa5 18. Qxb4 1-0

[Event "Arab Games 2011"]
[Site "0:01.10-0:17.17"]
[Date "2011.12.20"]
[Round "7"]
[White "Al Harmoodi Mona Ali"]
[Black "Al-Rufaye Iman Hasan"]
[Result "0-1"]
[WhiteElo "1858"]
[BlackElo "2155"]
[PlyCount "66"]
[EventDate "2011.??.??"]

1. d4 Nf6 2. c4 e6 3. Nc3 d5 4. cxd5 exd5 5. Bg5 Be7 6. Nf3 O-O 7. e3 c6 8. Bd3
Bg4 9. h3 Bh5 10. Qc2 Bg6 11. Bxg6 hxg6 12. Bxf6 Bxf6 13. g4 Bh4 14. O-O-O Qf6
15. Nxh4 Qxh4 16. e4 dxe4 17. Nxe4 Nd7 18. f4 Nf6 19. Nc5 Nd5 20. Qd2 b6 21.
Nd3 Rfe8 22. Ne5 Qg3 23. f5 gxf5 24. gxf5 Qe3 25. Rde1 Qxd2+ 26. Kxd2 Rac8 27.
a3 Red8 28. Rc1 Ne7 29. Kd3 c5 30. Ke4 Rxd4+ 31. Kf3 Nxf5 32. Rhd1 f6 33. Rxd4
Nxd4+ 0-1

[Event "Arab Games 2011"]
[Site "0:06.57-0:00.02"]
[Date "2011.12.20"]
[Round "7"]
[White "Ibraheem Delbak Ismael"]
[Black "Salem Amna"]
[Result "1-0"]
[WhiteElo "1919"]
[BlackElo "1697"]
[PlyCount "69"]
[EventDate "2011.??.??"]

1. e4 e6 2. d3 d5 3. Nd2 c5 4. Ngf3 Nc6 5. g3 Bd6 6. Bg2 Nge7 7. O-O O-O 8. Re1
Qc7 9. Qe2 f6 10. c3 Bd7 11. Nf1 b5 12. h4 a5 13. N1h2 d4 14. e5 fxe5 15. Ng4
Rae8 16. Ngxe5 Bc8 17. h5 Nxe5 18. Nxe5 Rf5 19. Ng4 Ref8 20. Rf1 e5 21. Be4
R5f7 22. Bg5 Be6 23. cxd4 Bxg4 24. Qxg4 exd4 25. b3 Kh8 26. Rae1 Ng8 27. Bd5
Rf5 28. Be6 Re5 29. f4 Rxe1 30. Rxe1 h6 31. Bh4 Nf6 32. Qg6 Qe7 33. Kf1 Qb7 34.
Kf2 c4 35. Bf5 1-0